000
00209 a2200097 4500
001
3398
100
_a
Puckett, A.E
245
_a
Gudided missile engineering
260
_a
_b
Mcgrawhill
_c
090
_c
2673
_d
2673
942
_a
NUST-CAE
_c
M
_c
18591
999
_c
238471
_d
238471